মা, বহিপীর, আবর্ত / (Record no. 56227)
[ view plain ]
| 000 -LEADER | |
|---|---|
| fixed length control field | 01145nam a2200253 a 4500 |
| 001 - CONTROL NUMBER | |
| control field | 56227 |
| 003 - CONTROL NUMBER IDENTIFIER | |
| rucl marc code | BD-RjUL |
| 005 - DATE AND TIME OF LATEST TRANSACTION | |
| control field | 20211209080353.0 |
| 008 - FIXED-LENGTH DATA ELEMENTS--GENERAL INFORMATION | |
| fixed length control field | 161127s1953 bg ||||| |||| 00| 0 ben d |
| 035 ## - SYSTEM CONTROL NUMBER | |
| System control number | (BD-RjUL)56351 |
| 040 ## - CATALOGING SOURCE | |
| Original cataloging agency | BD-RjUL |
| Language of cataloging | ben |
| Transcribing agency | BD-RjUL |
| Modifying agency | BD-RjUL |
| 041 ## - LANGUAGE CODE | |
| Language code of text/sound track or separate title | ben |
| 082 ## - DEWEY DECIMAL CLASSIFICATION NUMBER | |
| Edition number | 23 |
| Classification number | 891.442 |
| Author mark and year | AHM 1953 |
| 100 ## - MAIN ENTRY--PERSONAL NAME | |
| Personal name | আহমদ, আজিমুদ্দিন |
| 9 (RLIN) | 119187 |
| 245 10 - TITLE STATEMENT | |
| Title | মা, বহিপীর, আবর্ত / |
| Statement of responsibility, etc. | আজিমুদ্দিন আহমদ, সৈয়দ ওয়ালিউল্লাহ ও রাজিয়া খান, সম্পাদক সৈয়দ সাজ্জাদ হোসেন |
| 260 ## - PUBLICATION, DISTRIBUTION, ETC. (IMPRINT) | |
| Place of publication, distribution, etc. | ঢাকা : |
| Name of publisher, distributor, etc. | এন. মাহমুদ, |
| Date of publication, distribution, etc. | ১৯৫৩ |
| 300 ## - PHYSICAL DESCRIPTION | |
| Pagination | [৬], ৭২ পৃ. ; |
| Size | ২৩ সেমি. |
| 650 ## - SUBJECT ADDED ENTRY--TOPICAL TERM | |
| Topical term or geographic name as entry element | বাংলা নাটক |
| 9 (RLIN) | 167154 |
| Topical term or geographic name as entry element | Bengali Drama |
| 9 (RLIN) | 167155 |
| 700 ## - ADDED ENTRY--PERSONAL NAME | |
| Personal name | ওয়ালিউল্লাহ, সৈয়দ |
| Personal name | খান, রাজিয়া |
| Personal name | হোসেন, সৈয়দ সাজ্জাদ |
| Fuller form of name | সম্পাদক |
| 942 ## - ADDED ENTRY ELEMENTS (KOHA) | |
| Source of classification or shelving scheme | Dewey Decimal Classification |
| Koha item type | Books |
| Lost status | Source of classification or shelving scheme | Damaged status | Not for loan | Collection code | Permanent Location | Current Location | Shelving location | Date acquired | Source of acquisition | Cost, normal purchase price | Total Checkouts | Full call number | Date last seen | Copy number | Koha item type |
|---|---|---|---|---|---|---|---|---|---|---|---|---|---|---|---|
| Dewey Decimal Classification | Non-fiction | Central Library, University of Rajshahi | Central Library, University of Rajshahi | 16/12/1961 | Faruque library, Rajshahi. | 5.00 | B 891.442 AHM 1953 | 27/11/2016 | C-2 | Books |